[Event "ROM-ch U10"]
[Site "Calimanesti Caciulata"]
[Date "2019.04.21"]
[Round "8"]
[White "Palos, Bogdan Alexandru"]
[Black "Serban, Stefan"]
[Result "1-0"]
[WhiteElo "1053"]
[BlackElo "1010"]
[PlyCount "67"]
[EventDate "2019.04.15"]
[EventType "swiss"]
[EventRounds "9"]
[EventCountry "ROU"]
[SourceTitle "CBM 190 Extra"]
[Source "ChessBase"]
[SourceDate "2019.07.15"]
[SourceVersion "1"]
[SourceVersionDate "2019.07.15"]
[SourceQuality "1"]

1. e4 e5 2. Nf3 Nc6 3. Nc3 Nf6 4. Bc4 d6 5. h3 Be6 6. Bb3 Be7 7. d3 Qd7 8. Nd5 b5 9. Be3 Bxd5 10. Bxd5 Nxd5 11. exd5 Nd4 12. Nxd4 exd4 13. Bxd4 f6 14. 0-0 0-0 15. Re1 Rfe8 16. c4 c6 17. dxc6 Qxc6 18. cxb5 Qxb5 19. Qb3+ Qxb3 20. axb3 a6 21. Bc3 Kf7 22. Kh2 d5 23. d4 Bd6+ 24. g3 Reb8 25. Ra5 Rxb3 26. Rxd5 Bb4 27. Rd7+ Kf8 28. Bxb4+ Rxb4 29. d5 Rxb2 30. Kg2 Rd2 31. Ree7 a5 32. Rxg7 a4 33. Rxh7 Kg8 34. Ra7 1-0

[Event "ROM-ch U10"]
[Site "Calimanesti Caciulata"]
[Date "2019.04.19"]
[Round "6"]
[White "Palos, Bogdan Alexandru"]
[Black "Iorga, Mihai Nicolae"]
[Result "0-1"]
[WhiteElo "1053"]
[BlackElo "1071"]
[PlyCount "86"]
[EventDate "2019.04.15"]
[EventType "swiss"]
[EventRounds "9"]
[EventCountry "ROU"]
[SourceTitle "CBM 190 Extra"]
[Source "ChessBase"]
[SourceDate "2019.07.15"]
[SourceVersion "1"]
[SourceVersionDate "2019.07.15"]
[SourceQuality "1"]

1. e4 e6 2. Nf3 d5 3. Nc3 Nf6 4. e5 Nfd7 5. d4 c5 6. Be3 Qb6 7. Rb1 Nc6 8. Be2 Be7 9. 0-0 0-0 10. Qd2 Rd8 11. Na4 Qa5 12. Qxa5 Nxa5 13. dxc5 h6 14. b4 Nc6 15. c3 Ncxe5 16. Nxe5 Nxe5 17. Bd4 Ng6 18. Bh5 Bg5 19. Bxg6 fxg6 20. g3 Bd7 21. Nb2 Bb5 22. Rfe1 Rab8 23. Rxe6 Be8 24. f4 Bf7 25. Ree1 Bf6 26. Bxf6 gxf6 27. Re7 Re8 28. Rbe1 b6 29. c6 Rxe7 30. Rxe7 Rc8 31. c7 Kf8 32. Rd7 Ke8 33. Rd6 Rxc7 34. Rxf6 Ke7 35. Rxf7+ Kxf7 36. Na4 Ke6 37. Kf2 Kf5 38. Kf3 g5 39. fxg5 hxg5 40. g4+ Ke5 41. a3 Re7 42. h3 b5 43. Nc5 Rh7 0-1

[Event "ROM-ch U10"]
[Site "Calimanesti"]
[Date "2018.03.31"]
[Round "6"]
[White "Tatarusanu, Eric"]
[Black "Palos, Bogdan Alexandru"]
[Result "1-0"]
[WhiteElo "1063"]
[BlackElo "1039"]
[PlyCount "37"]
[EventDate "2018.03.27"]
[EventType "swiss"]
[EventRounds "9"]
[EventCountry "ROU"]
[SourceTitle "CBM 183 Extra"]
[Source "ChessBase"]
[SourceDate "2018.04.19"]
[SourceVersion "1"]
[SourceVersionDate "2018.04.19"]
[SourceQuality "1"]

1. e4 e5 2. Bc4 Bc5 3. Nf3 Nc6 4. d3 Nf6 5. 0-0 d6 6. c3 a6 7. a4 Bd7 8. Re1 0-0 9. d4 exd4 10. cxd4 Ba7 11. Bd2 Re8 12. e5 dxe5 13. dxe5 Nh5 14. Ng5 Be6 15. Nxe6 fxe6 16. Qxh5 Nd4 17. Re4 Nf5 18. Rg4 g6 19. Qxf5 1-0